000 00462nam a2200181Ia 4500
001 20150
003 GE_BSU
008 181216s||||||||xx |||||||||||||| ||und||
040 _cGE_BSU
245 _aParis Match, du2 AU 8 mars. №3537. 2017
260 _aParis
260 _c2017
300 _a108p. 29cm. illl.
653 _aParis Match, du2 AU 8 mars. №3537. 2017
653 _aПериодика
653 _aპერიოდიკა
942 _cCR
999 _c53111
_d53111